02334cam a22003854i 4500003000900000005001700009008004100026035002000067040003300087100004000120245019200160264001000352300003900362336002100401337002500422338002300447502005900470504002400529520122200553526001001775526001001785526000901795526000901804526000901813526000901822526000901831526000901840526000901849526000801858526000801866526000801874526000801882526000801890650005001898PE-LiUPU20250731165356.0150827s2015 pe a grm 000 0 spa d a(Sirsi) a154187 aPE-LiUPUbspacPE-LiUPUerda1 aFarfán Dianderas, Catalinaeautor1 aRelación del estado nutricional y anemia ferropénica en niños menores de dos años evaluados en el Centro de Salud Materno Infantil Miguel Grau 2012 /cCatalina Farfán Dianderas. 0c2015. a62 hojas : bilustraciones;c30 cm atext2rdacontent aunmediated2rdamedia avolume2rdacarrier aTesisb(Lic.) -- cUniversidad Peruana Unión,d2015. aIncluye referencias3 aEl objetivo de este estudio es establecer la relación entre el estado nutricional y la anemia ferropénica en niños menores de dos años evaluados en el Centro Materno Infantil Miguel Grau, 2012. El estudio es de tipo descriptivo, donde se tuvo una muestra de 187 niños. Se recolectó la información a partir de las historias clínicas y de la evaluación antropométrica. Posteriormente se vació los datos al programa SPSS para su análisis estadístico. Se encontró que el 48.7% presentaron anemia ferropénica y el 51,3% tuvieron niveles de hemoglobina dentro de los valores normales. En cuanto al diagnóstico nutricional, se encontró que el 3,7% de niños tuvieron desnutrición crónica, el 0.5% presentaron desnutrición aguda, el 93,6 estuvieron dentro de los rangos normales, el 1.6% fueron diagnosticados con sobrepeso y el 0.5% con obesidad. Resultado: No existe relación entre el estado nutricional y la anemia ferropénica, teniendo un buen estado nutricional existen diversos factores que ocasionan la anemia en los niños comprendidos entre las edades estudiadas, así como, niños que presentaban desnutrición o sobrepeso pueden o no presentar anemia ferropénica. aSEG44 aSEG26 aP151 aP150 aP149 aP146 aP145 aP126 aP125 aP92 aP75 aP74 aP27 aP1504aNiñosxDesnutriciónxAnemia ferropénica